Progress in tissue culture, genetic transformation and applications of biotechnology to trees: an overview (Record no. 65905)

MARC details
000 -LEADER
fixed length control field 02029nam a2200205Ia 4500
100 ## - MAIN ENTRY--AUTHOR NAME
Personal name Giri C C
245 #0 - TITLE STATEMENT
Title Progress in tissue culture, genetic transformation and applications of biotechnology to trees: an overview
260 ## - PUBLICATION, DISTRIBUTION, ETC. (IMPRINT)
Name of publisher Trees
Year of publication 2004
300 ## - PHYSICAL DESCRIPTION
Number of Pages 115-135
520 ## - SUMMARY, ETC.
Summary, etc Trees are an integral part of human life, and a vital component of biodiversity. Forest trees in particular are renewable sources of food, fodder, fuel wood, timber and other valuable non-timber products. Due to the rapid growth of population and the human desire to progress, there has been a tremendous reduction in forest cover from the earths surface. To maintain and sustain forest vegetation, conventional approaches have been exploited in the past for propagation and improvement. However, such efforts are confronted with several inherent bottlenecks. Biotechnological interventions for in vitro regeneration, mass micropropagation and gene transfer methods in forest tree species have been practised with success, especially in the last decade. Against the background of the limitations of long juvenile phases and life span, development of plant regeneration protocols and genetic engineering of tree species are gaining importance. Genetic engineering assumes additional significance, because of the possibility of introducing a desired gene in a single step for precision breeding of forest trees. There are no comprehensive and detailed reviews available combining research developments with major emphases on tissue culture and basic genetic transformation in tree species. The present communication attempts to overview the progress in tissue culture, genetic transformation and biotechnological applications in the last decade and future implications.
650 ## - SUBJECT ADDED ENTRY--TOPICAL TERM
Topical Term Biotechnology
650 ## - SUBJECT ADDED ENTRY--TOPICAL TERM
Topical Term Genetic transformation
650 ## - SUBJECT ADDED ENTRY--TOPICAL TERM
Topical Term Somatic embryogenesis
650 ## - SUBJECT ADDED ENTRY--TOPICAL TERM
Topical Term Tissue culture
650 ## - SUBJECT ADDED ENTRY--TOPICAL TERM
Topical Term Trees
700 ## - ADDED ENTRY--PERSONAL NAME
Personal name Anjaneyulu C
700 ## - ADDED ENTRY--PERSONAL NAME
Personal name Shyamkumar B
942 ## - ADDED ENTRY ELEMENTS (KOHA)
Koha item type Journals
Holdings
Withdrawn status Lost status Damaged status Not for loan Home library Current library Shelving location Date acquired Serial Enumeration / chronology Koha item type
      Journals RRII Library RRII Library Biotechnology 17/12/2021 Volume 18, Issue 2 Journals